000 01153nam a2200289 i 4500
003 DO-SdBNP
005 20240312152950.0
007 ta
008 240312s200u dr a 000 0 spa d
040 _aDO-SdBNP
_bspa
_cBNPHU
_erda
082 _bP349
_222
100 _aPeña Escoto de López, Joseline
_929568
_eautora
245 1 0 _aOrtografía y valores El Escolar :
_b3er. grado, educación básica /
_cJoseline Peña Escoto de López, Aleyda Montes de Oca Boyer ; ilustración Katja Karina Féliz Montes de Oca, Ayeska Carolina Féliz Montes de Oca
264 1 _aSanto Domingo ;
_bEdiciones MB,
_c[200-].
300 _a80 páginas
_bilustraciones
_c28 cm.
336 _2rdacontent
_atexto
_btxt
337 _2rdamedia
_asin mediación
_bn
338 _2rdacarrier
_avolumen
_bnc
500 _aEducación básica.
500 _aTrabaja las habilidades del pensamiento.
590 _aInventariado, 2024/ YL
700 1 _aMontes de Oca de Boyer, Aleyda
_edirección
_929220
700 1 _aFéliz Montes de Oca, Katja Karina
_eilustración
_923171
700 1 _aFéliz Montes de Oca, Ayeska Carolina
_985022
910 _aYLockward
942 _2ddc
_cLBS1
999 _c56086
_d56086